[Event "Sao Paulo Pascoa op"]
[Site "Sao Paulo"]
[Date "2024.03.30"]
[Round "4"]
[White "De Arruda, Fernando Sanchez Va"]
[Black "Nunes, Rafael Klanfer"]
[Result "1-0"]
[WhiteElo "1800"]
[BlackElo "1749"]
[PlyCount "35"]
[EventDate "2024.03.29"]
[EventType "swiss"]
[EventRounds "6"]
[EventCountry "BRA"]
[SourceTitle "CB14_2024"]
[SourceDate "2024.04.01"]
[SourceVersion "1"]
[SourceVersionDate "2024.04.01"]
[SourceQuality "1"]

1. e4 c5 2. Nf3 d6 3. d4 cxd4 4. Nxd4 Nf6 5. Nc3 a6 6. Bg5 e5 7. Nf3 Be7 8. Bc4 Qb6 9. Bb3 Be6 10. Bxe6 fxe6 11. Rb1 Ng4 12. 0-0 Bxg5 13. Nxg5 Ne3 14. fxe3 Qxe3+ 15. Kh1 Qxg5 16. Qxd6 Qg6 17. Rbd1 Qg5 18. Qxe6+ 1-0

[Event "Sao Paulo Sampa op"]
[Site "Sao Paulo"]
[Date "2024.02.01"]
[Round "5"]
[White "Nunes, Rafael Klanfer"]
[Black "Dionisio, Alex Monteiro"]
[Result "1-0"]
[WhiteElo "1622"]
[BlackElo "1514"]
[PlyCount "87"]
[EventDate "2024.01.29"]
[EventType "swiss"]
[EventRounds "9"]
[EventCountry "BRA"]
[SourceTitle "CB06_2024"]
[SourceDate "2024.02.07"]
[SourceVersion "1"]
[SourceVersionDate "2024.02.07"]
[SourceQuality "1"]

1. e4 c5 2. Nf3 d6 3. Bc4 e6 4. d3 Nf6 5. 0-0 a6 6. Nbd2 Be7 7. c3 b5 8. Bb3 Bb7 9. Re1 0-0 10. d4 cxd4 11. cxd4 Nbd7 12. Bc2 Rc8 13. Nf1 Qc7 14. Re2 Rfe8 15. Bd3 Bf8 16. Ng3 g6 17. h3 Bg7 18. Be3 Qb8 19. Rc1 Rxc1 20. Qxc1 Rc8 21. Rc2 e5 22. d5 Rxc2 23. Qxc2 Qc8 24. Nd2 Nc5 25. Be2 Na4 26. Qb1 h5 27. Bd1 h4 28. Ne2 Nd7 29. Bxa4 bxa4 30. Qc1 Qxc1+ 31. Nxc1 f5 32. f3 Kf7 33. Nc4 Bf8 34. Ne2 fxe4 35. fxe4 Nf6 36. Nc3 Nxe4 37. Nxe4 Bxd5 38. Ng5+ Ke8 39. b3 Be7 40. Nf3 axb3 41. axb3 Kf7 42. Kf2 Ke6 43. Bg5 Bxf3 44. Bxe7 1-0